000 00617nam a2200217 a 4500
001 154963
003 OSt
005 20211221171725.0
008 170628 ### HIN
020 _a9781447145134
082 _a658.50011
_bG29M
100 _aGe, Zhiqiang
245 _aMultivariate statistical process control : process monitoring methods and applications
_cby Zhiqiang Ge, Zhihuan Song
260 _aLondon
_bSpringer
_c2013
300 _a630p.
653 _aMultivariate analysis
653 _aProcess control
653 _aStatistical methods
700 _aSong, Zhihuan
942 _2ddc
_cBK
999 _c17455
_d17455